000 00364nam a2200145 i 4500
001 bg
100 1 _aBAS, Vladimir Ja.
245 0 _aIssledovanie naprjażenij i deformacij termo-elektriceskim metodom /
_cV.Ja. Bas.
260 _aKiev,
_c1984.
040 _cBPK
041 _apol
080 _a539.3
942 _cKS
008 s pl f |000 0 pol
999 _c28023
_d28023
856 _uhttp://koha.tu.koszalin.pl/cgi-bin/koha/opac-detail.pl?biblionumber=28023
_yKatalog online BPK